Répartition des sexes dans Pokémon - Statistiques

Statistiques générales
  • Ce quiz a été pris 423 fois
  • Le résultat moyen est 7 sur 25
Statistiques - réponses
Hint Réponse % Correct
Gallame Exclusivement mâle
44%
Latios Exclusivement mâle
41%
Apireine Exclusivement femelle
41%
Pikachu Équilibré
40%
Mistigrix Équilibré
36%
Dracaufeu Majoritairement mâle
34%
Maracachi Équilibré
34%
Otaquin Majoritairement mâle
33%
Machopeur Majoritairement mâle
32%
Mélofée Majoritairement femelle
32%
Bétochef Majoritairement mâle
31%
Donphan Équilibré
30%
Delcatty Majoritairement femelle
28%
Sidérella Majoritairement femelle
28%
Leuphorie Exclusivement femelle
28%
Kicklee Exclusivement mâle
26%
Poissirène Équilibré
26%
Kangourex Exclusivement femelle
26%
Sorcilence Exclusivement femelle
25%
Gueriaigle Exclusivement mâle
22%
Muciole Exclusivement mâle
22%
Amonita Majoritairement mâle
20%
Snubbull Majoritairement femelle
18%
Ogerpon Exclusivement femelle
18%
Hélionceau Majoritairement femelle
14%
Aucun quiz correspondant
Distribution des résultats
% des personnes avec chaque résultat
Percentile par nombre de réponses
Votre historique - résultats
Vous n’avez pas pris ce quiz